EU countries - Sudden Death - Statistics

General Stats
  • This quiz has been taken 3,877 times
  • The average score is 11 of 27
Answers on the Grid
Answers color-coded by a green-red scale on the quiz's grid according to % correct below.
France
Czech Republic
Andorra
Türkiye
Bulgaria
Moldavia
Luxembourg
Iceland
Australia
Latvia
Ukraine
Spain
Poland
Denmark
Portugal
Norway
Cyprus
Moldova
Slovakia
Serbia
Romania
Georgia
Belgium
Ireland
Estonia
Liechtenstein
Slovenia
Albania
Malta
Austria
Croatia
San Marino
Lithuania
Slavonia
Finland
Greenland
Germany
Livonia
Gibraltar
Italy
Hungary
Yugoslavia
Listembourg
Sweden
Syldavia
Greece
Montenegro
Netherlands
 
Answer Stats
Answer % Correct
Germany
53%
France
49%
Italy
49%
Spain
49%
Belgium
48%
Netherlands
48%
Portugal
48%
Austria
47%
Denmark
46%
Greece
45%
Poland
45%
Czech Republic
44%
Ireland
44%
Luxembourg
42%
Sweden
40%
Croatia
39%
Finland
38%
Hungary
38%
Slovenia
38%
Romania
37%
Estonia
36%
Slovakia
36%
Latvia
35%
Bulgaria
33%
Lithuania
33%
Malta
32%
Cyprus
28%
No matching quizzes found
Score Distribution
Percent of People with Each Score
Percentile by Number Answered
Your Score History
You have not taken this quiz